| 000 | 00971nam a2200241Ia 4500 | ||
|---|---|---|---|
| 003 | OSt | ||
| 005 | 20211028153211.0 | ||
| 008 | 210310s1974 mx ad fr 001 0 spa d | ||
| 040 |
_aCO-JMCR _cCO-JMCR |
||
| 041 | 0 | _aspa | |
| 082 | 0 |
_a338.98 / _bN791d _223 |
|
| 100 | 1 |
_aNolff, Max, _917962 _ecompilador |
|
| 245 | 1 | 3 |
_aEl desarrollo industrial latinoamericano / _cselección de Max Nolff |
| 250 | _aPrimera edición | ||
| 260 |
_aMéxico : _bFondo de Cultura Económica, _c1974 |
||
| 300 |
_a698 páginas : _bilustraciones y gráficas a blanco y negro ; _c21 cm. |
||
| 490 | 0 |
_aEl Trimestre Económico. Lecturas ; _v12 |
|
| 500 | _aIncluye notas a pie de página e índice de nombres y analítico. | ||
| 505 | 0 | _aEvolución de la industria latinoamericana y sus principales problemas -- Políticas y estrategias de desarrollo industrial | |
| 650 | 1 | 4 |
_aHistoria económica _917964 _zAmérica Latina |
| 650 | 2 | 4 |
_aIndustrias _zAmérica Latina _941336 |
| 942 |
_2ddc _cBK |
||
| 999 |
_c8675 _d8675 |
||